[Event "IV Rapidplay"]
[Site "Mirabal ESP"]
[Date "2001.05.05"]
[Round "2"]
[White "Cabanas Jimenez,A"]
[Black "Adla,D"]
[Result "0-1"]
[WhiteElo "2114"]
[BlackElo "2499"]
[EventDate "2001.05.05"]

1. e4 c5 2. Nf3 d6 3. c3 Nf6 4. Be2 g6 5. O-O Bg7 6. Re1 O-O 7. Bf1 Bg4 8.
h3 Bxf3 9. Qxf3 Nc6 10. d3 b5 11. b3 b4 12. Bb2 Ne8 13. Qe2 a5 14. a3 bxc3
15. Bxc3 Nd4 16. Qb2 Nc7 17. a4 Na6 18. Nd2 Rb8 19. Rab1 e6 20. Bxd4 Bxd4
21. Qc1 Nb4 22. Nf3 Na2 23. Qc2 Nc3 24. Rbc1 Qb6 25. Nd2 d5 26. exd5 exd5
27. Be2 c4 28. Kf1 cxb3 0-1

[Event "IV Rapidplay"]
[Site "Mirabal ESP"]
[Date "2001.05.05"]
[Round "2"]
[White "Korneev,O"]
[Black "Ruiz,Ag"]
[Result "1-0"]
[WhiteElo "2572"]
[BlackElo "2144"]
[EventDate "2001.05.05"]

1. e4 c5 2. Nf3 e6 3. d4 cxd4 4. Nxd4 Nf6 5. Nc3 Nc6 6. Ndb5 d6 7. Bf4 e5
8. Bg5 a6 9. Na3 b5 10. Nd5 Be7 11. Bxf6 Bxf6 12. c3 O-O 13. Nc2 Nb8 14. a4
bxa4 15. Rxa4 Nd7 16. Ra1 Nb6 17. Ncb4 Nxd5 18. Nxd5 Bb7 19. Bc4 Bxd5 20.
Bxd5 Ra7 21. O-O Qb6 22. b4 Rc8 23. Qd3 a5 24. g3 Bd8 25. bxa5 Rxa5 26.
Rab1 Qc5 27. Rb7 Rc7 28. Rfb1 Ra7 29. R7b5 Qxc3 30. Rb8 1-0

[Event "IV Rapidplay"]
[Site "Mirabal ESP"]
[Date "2001.05.05"]
[Round "2"]
[White "Serrano Martinez,F"]
[Black "Iruzubieta,J"]
[Result "0-1"]
[WhiteElo "2057"]
[BlackElo "2414"]
[EventDate "2001.05.05"]

1. e4 e5 2. Nf3 Nc6 3. d4 exd4 4. Bc4 Nf6 5. O-O Bc5 6. e5 Ng4 7. Bf4 O-O
8. h3 Nh6 9. c3 d5 10. exd6 Bxd6 11. Bg5 Be7 12. Bxe7 Qxe7 13. Nxd4 Nxd4
14. Qxd4 Qg5 15. Qd5 Nf5 16. Nd2 Be6 17. f4 Qg6 18. Qe4 Rae8 19. Rae1 Bxc4
20. Qxe8 Bxf1 21. Nxf1 Qb6+ 22. Kh1 0-1

[Event "IV Rapidplay"]
[Site "Mirabal ESP"]
[Date "2001.05.05"]
[Round "2"]
[White "Zlotnik,B"]
[Black "Meyer,Ew"]
[Result "1-0"]
[WhiteElo "2410"]
[BlackElo "2032"]
[EventDate "2001.05.05"]

1. d4 e6 2. c4 f5 3. Nf3 Nf6 4. g3 g6 5. Bg2 Bg7 6. O-O O-O 7. d5 d6 8. Nc3
e5 9. e4 Na6 10. exf5 gxf5 11. Bd2 Qe8 12. Qc2 Qh5 13. Nh4 f4 14. Rae1 Bd7
15. a3 Rad8 16. b4 Bg4 17. Qd3 Kh8 18. h3 Bd7 19. Qe2 Qxe2 20. Rxe2 fxg3
21. fxg3 Nh5 22. Ne4 Rxf1+ 23. Bxf1 Rf8 24. Rf2 Kg8 25. Rxf8+ Kxf8 26. c5
Nf6 27. Nxf6 Bxf6 28. c6 Bc8 29. cxb7 Bxb7 30. Be3 Nb8 31. Bxa7 Nd7 32. Bb5
Nb6 33. Bxb6 cxb6 34. Bc6 Bc8 35. a4 1-0

[Event "IV Rapidplay"]
[Site "Mirabal ESP"]
[Date "2001.05.05"]
[Round "2"]
[White "Piera,J"]
[Black "Lalic,B"]
[Result "0-1"]
[WhiteElo "2118"]
[BlackElo "2501"]
[EventDate "2001.05.05"]

1. d4 d5 2. c4 dxc4 3. Nf3 c6 4. e3 Be6 5. Nc3 b5 6. a4 b4 7. Na2 a5 8. Ng5
Bd5 9. e4 h6 10. exd5 hxg5 11. Bxc4 cxd5 12. Bb5+ Nd7 13. Bxg5 Ngf6 14.
Bxf6 gxf6 15. Bc6 Rc8 16. Bxd5 e6 17. Qe2 Rh4 18. O-O Rxd4 19. Rfd1 Bc5 20.
Rxd4 Bxd4 21. Bc4 Ke7 22. Rd1 Qb6 23. Bb5 Ne5 24. Nc1 Rg8 25. Nb3 Qb7 26.
Qf1 Bb6 27. Kh1 Qe4 28. Nd2 Qh7 29. Nc4 Ng4 30. h3 Nxf2+ 31. Kh2 Bc7+ 32.
Nd6 Nxd1 0-1

[Event "IV Rapidplay"]
[Site "Mirabal ESP"]
[Date "2001.05.05"]
[Round "2"]
[White "Do Brito,O"]
[Black "Zlotnik,B"]
[Result "1-0"]
[WhiteElo "2181"]
[BlackElo "2410"]
[EventDate "2001.05.05"]

1. b3 Nf6 2. Bb2 e6 3. Nf3 b6 4. g3 Bb7 5. Bg2 Be7 6. O-O O-O 7. c4 d5 8.
Ne5 Qc8 9. d3 dxc4 10. bxc4 Bxg2 11. Kxg2 c5 12. Nd2 Nfd7 13. Qb3 Nxe5 14.
Bxe5 Nc6 15. Bc3 Rb8 16. Kg1 e5 17. Nf3 Qf5 18. Qb2 Nd4 19. Bxd4 exd4 20.
a4 Rfe8 21. Rfe1 Bd6 22. Qd2 Bc7 23. Qg5 Qd7 24. a5 Bd8 25. Qf4 Bc7 26. Qg5
Qc6 27. axb6 Bxb6 28. Nd2 h6 29. Qg4 Re6 30. Ne4 g6 31. Qf4 Rb7 32. Qxh6 f5
33. Ng5 Ree7 34. h4 Qf6 35. h5 Qg7 36. Qxg6 Qxg6 37. hxg6 1-0

[Event "IV Rapidplay"]
[Site "Mirabal ESP"]
[Date "2001.05.05"]
[Round "2"]
[White "Vazquez Gonzalez,J"]
[Black "Del Rio Angelis,S"]
[Result "0-1"]
[WhiteElo "2101"]
[BlackElo "2482"]
[EventDate "2001.05.05"]

1. e4 e6 2. d4 d5 3. Nd2 c5 4. exd5 exd5 5. Ngf3 Nf6 6. c3 Nc6 7. Bd3 c4 8.
Bc2 Bd6 9. O-O O-O 10. Re1 Bg4 11. Nf1 Re8 12. Ne3 Bh5 13. b3 Ne4 14. bxc4
Nxc3 15. Qd3 Bg6 16. Nf5 Rxe1+ 17. Nxe1 Nxd4 18. Qh3 Nxc2 19. Nxc2 Qf6 20.
Nxd6 Bxc2 21. Qf3 Ne2+ 22. Qxe2 Qxa1 23. Qxc2 Qe5 24. g3 Qxd6 25. c5 Qe5
26. Bf4 Qe1+ 27. Kg2 Re8 28. c6 bxc6 29. Qxc6 Qe6 30. Qb7 a5 31. Qb2 Qe4+
32. Kh3 d4 33. Qd2 Rc8 0-1

[Event "IV Rapidplay"]
[Site "Mirabal ESP"]
[Date "2001.05.05"]
[Round "3"]
[White "Lozano Arribas,C"]
[Black "Vehi Bach,V"]
[Result "0-1"]
[WhiteElo "2208"]
[BlackElo "2446"]
[EventDate "2001.05.05"]

1. c4 c5 2. Nc3 b6 3. Nf3 Bb7 4. e4 d6 5. d4 cxd4 6. Nxd4 Nf6 7. f3 e6 8.
Be2 Be7 9. O-O O-O 10. Be3 a6 11. Qd2 Re8 12. Rfd1 Qc7 13. Rac1 Nbd7 14.
Bf1 Rac8 15. Qf2 Qb8 16. b3 Bd8 17. Na4 Bc7 18. g3 d5 19. exd5 exd5 20. c5
bxc5 21. Nxc5 Nxc5 22. Rxc5 Bxg3 23. hxg3 Rxc5 24. Bf4 Qc8 25. Bd3 Nh5 26.
Bf5 Qd8 27. Bd2 g6 28. Bd3 Rc8 29. Kg2 Qd6 30. Rh1 Qc5 31. f4 Qd6 32. Rxh5
gxh5 33. Qf3 Re4 34. Nf5 Qg6 0-1

[Event "IV Rapidplay"]
[Site "Mirabal ESP"]
[Date "2001.05.05"]
[Round "3"]
[White "Lalic,B"]
[Black "Rodriguez Rodriguez,A"]
[Result "1-0"]
[WhiteElo "2501"]
[BlackElo "2276"]
[EventDate "2001.05.05"]

1. d4 Nf6 2. c4 d6 3. Nf3 Bf5 4. Nc3 Nbd7 5. Nh4 Bg4 6. h3 Bh5 7. g4 Bg6 8.
Bg2 c6 9. f4 e6 10. g5 Nh5 11. e4 f6 12. f5 exf5 13. exf5 Bf7 14. O-O fxg5
15. Re1+ Be7 16. f6 gxh4 17. Rxe7+ Kf8 18. Rxf7+ Kxf7 19. Qxh5+ g6 20. Qxh4
h6 21. Bxh6 Qf8 22. Bxf8 Rxh4 23. Bxd6 Rxd4 24. Ne4 Re8 25. Be7 Nxf6 26.
Bxf6 Rdxe4 27. Bxe4 Rxe4 28. Rf1 1-0

[Event "IV Rapidplay"]
[Site "Mirabal ESP"]
[Date "2001.05.05"]
[Round "4"]
[White "Vehi Bach,V"]
[Black "Carretero Ortiz,F"]
[Result "1-0"]
[WhiteElo "2446"]
[BlackElo "2177"]
[EventDate "2001.05.05"]

1. e4 d5 2. exd5 Nf6 3. d4 Nxd5 4. Be2 Bf5 5. Nf3 e6 6. O-O Nc6 7. a3 Be7
8. c4 Nb6 9. Nc3 Bf6 10. Be3 O-O 11. h3 a5 12. b3 Qd7 13. Qd2 Rad8 14. Rfd1
Qc8 15. Qb2 Rfe8 16. Rd2 a4 17. b4 e5 18. d5 e4 19. dxc6 exf3 20. cxb7 Qe6
21. Rxd8 Rxd8 22. Bxf3 Nxc4 23. Rd1 Re8 24. Qc1 Nxe3 25. fxe3 c6 26. e4 Bg6
27. Nxa4 Bxe4 28. Nc5 Bxf3 29. Nxe6 Bxd1 30. Qxc6 1-0

[Event "IV Rapidplay"]
[Site "Mirabal ESP"]
[Date "2001.05.05"]
[Round "4"]
[White "Zlotnik,B"]
[Black "Gomez Pajares,B"]
[Result "1-0"]
[WhiteElo "2410"]
[BlackElo "2009"]
[EventDate "2001.05.05"]

1. d4 d5 2. c4 c6 3. Nc3 Nf6 4. e3 Bf5 5. cxd5 Nxd5 6. Nf3 Nxc3 7. bxc3 e6
8. Be2 h6 9. O-O Bd6 10. Nd2 Qh4 11. g3 Qg5 12. Nc4 Qe7 13. Qb3 b5 14.
Nxd6+ Qxd6 15. a4 Bh3 16. Re1 bxa4 17. Qb7 Qd5 18. e4 Qxe4 19. f3 Qc2 20.
Qxa8 1-0

[Event "IV Rapidplay"]
[Site "Mirabal ESP"]
[Date "2001.05.05"]
[Round "4"]
[White "Moreno Carnero,J"]
[Black "Do Brito,O"]
[Result "1-0"]
[WhiteElo "2480"]
[BlackElo "2181"]
[EventDate "2001.05.05"]

1. e4 Nf6 2. e5 Ng8 3. d4 d6 4. exd6 cxd6 5. Nf3 Nf6 6. c4 g6 7. Nc3 Bg7 8.
Be2 O-O 9. O-O Bf5 10. d5 Ne4 11. Nxe4 Bxe4 12. Nd4 Qb6 13. Nb5 a6 14. Be3
Qa5 15. Nd4 Bf5 16. a3 e5 17. Nxf5 gxf5 18. Qc2 f4 19. Bd2 Qd8 20. Bd3 Qh4
21. Bf5 a5 22. Rad1 b6 23. Bc3 f3 24. g3 Qxc4 25. Bxh7+ Kh8 26. Qf5 Bh6 27.
Qh5 Kxh7 28. Bd2 Qc2 29. Bxh6 Rh8 30. Qxf7+ Kxh6 31. Qf6+ Kh7 32. Rc1 Nd7
33. Qf7+ 1-0

[Event "IV Rapidplay"]
[Site "Mirabal ESP"]
[Date "2001.05.05"]
[Round "4"]
[White "Morales,Jo"]
[Black "Lalic,B"]
[Result "1/2-1/2"]
[WhiteElo "2366"]
[BlackElo "2501"]
[EventDate "2001.05.05"]

1. e4 e5 2. Nf3 Nc6 3. Bb5 a6 4. Ba4 Nf6 5. O-O Nxe4 6. d4 b5 7. Bb3 d5 8.
dxe5 Be6 9. Nbd2 Nc5 10. c3 d4 11. Bxe6 Nxe6 12. cxd4 Ncxd4 13. Ne4 Be7 14.
Be3 Nf5 15. Qd2 O-O 16. Rad1 Nxe3 17. Qxe3 Qc8 18. Nd4 Nxd4 1/2-1/2

[Event "IV Rapidplay"]
[Site "Mirabal ESP"]
[Date "2001.05.05"]
[Round "5"]
[White "Do Brito,O"]
[Black "Pomes Marcet,J"]
[Result "1/2-1/2"]
[WhiteElo "2181"]
[BlackElo "2411"]
[EventDate "2001.05.05"]

1. g4 e5 2. Bg2 d6 3. c4 Ne7 4. d3 c6 5. h3 Ng6 6. Nf3 Be7 7. Nc3 O-O 8.
Qb3 Na6 9. Be3 Nc5 10. Bxc5 dxc5 11. O-O-O Rb8 12. Nd2 Be6 13. Qc2 Qc7 14.
Nf1 Rfd8 15. Ng3 b5 16. Be4 bxc4 17. dxc4 Bxc4 18. Nf5 Bf8 19. h4 Qa5 20.
Rxd8 Rxd8 21. h5 Nf4 22. Ne3 Bxa2 23. b3 Qa3+ 24. Qb2 Qb4 25. Bc2 c4 26.
Nxc4 Bc5 27. Nxa2 Nxe2+ 28. Kb1 Qb8 29. Qxe5 Qxe5 30. Nxe5 Bxf2 31. Rh2 Bg3
32. Rxe2 Re8 33. Nc3 Bxe5 34. Na4 g6 35. Nc5 Re7 36. Nd3 Bd6 37. Rf2 Kg7
38. Kb2 a5 39. Kc3 Re4 40. Bd1 Be7 41. Nb2 Bf6+ 42. Kc2 1/2-1/2

[Event "IV Rapidplay"]
[Site "Mirabal ESP"]
[Date "2001.05.05"]
[Round "5"]
[White "Lalic,B"]
[Black "Tallarico Tallarico,O"]
[Result "1-0"]
[WhiteElo "2501"]
[BlackElo "2238"]
[EventDate "2001.05.05"]

1. d4 d5 2. c4 c6 3. Nf3 Nf6 4. e3 e6 5. Nbd2 Nbd7 6. Bd3 Bd6 7. e4 dxe4 8.
Nxe4 Nxe4 9. Bxe4 Qa5+ 10. Bd2 Bb4 11. O-O Bxd2 12. Nxd2 O-O 13. Qc2 Nf6
14. c5 Bd7 15. Nc4 Qc7 16. Rfe1 b6 17. Ne5 bxc5 18. Qxc5 Rab8 19. b3 Rb5
20. Qe7 Nxe4 21. Nxd7 Qd6 22. Qxf8+ Qxf8 23. Nxf8 Nf6 24. Nxe6 fxe6 25.
Rxe6 1-0

[Event "IV Rapidplay"]
[Site "Mirabal ESP"]
[Date "2001.05.05"]
[Round "5"]
[White "Carretero Ortiz,F"]
[Black "Zlotnik,B"]
[Result "0-1"]
[WhiteElo "2177"]
[BlackElo "2410"]
[EventDate "2001.05.05"]

1. e4 e6 2. Nc3 d5 3. Nf3 Nf6 4. e5 Nfd7 5. d4 c5 6. dxc5 Nc6 7. Bf4 Bxc5
8. Bd3 f6 9. exf6 Nxf6 10. O-O O-O 11. Ne5 Bd7 12. a3 a6 13. Qe2 Qe7 14.
Rae1 Rae8 15. h3 Nxe5 16. Bxe5 Bc6 17. b4 Bd6 18. b5 axb5 19. Nxb5 Bxe5 20.
Qxe5 Nd7 21. Qc7 Nc5 22. Qxe7 Rxe7 23. Nd4 e5 24. f4 e4 25. Be2 Ra8 26. Ra1
Ra4 27. Nf5 Rf7 28. g4 Rd7 29. c3 Nb3 30. Ra2 Rd8 31. Bd1 Nc5 0-1

[Event "IV Rapidplay"]
[Site "Mirabal ESP"]
[Date "2001.05.05"]
[Round "5"]
[White "Almagro Llanas,P"]
[Black "Vazquez Gonzalez,J"]
[Result "1-0"]
[WhiteElo "2290"]
[BlackElo "2101"]
[EventDate "2001.05.05"]

1. e4 c5 2. Nf3 Nf6 3. e5 Nd5 4. Nc3 e6 5. Nxd5 exd5 6. d4 Nc6 7. Be3 d6 8.
exd6 cxd4 9. Bxd4 Qxd6 10. Be2 Be7 11. O-O O-O 12. c3 Bg4 13. Qd2 Rad8 14.
Rad1 Bf6 15. Bxf6 Qxf6 16. Nd4 Be6 17. Rfe1 Nxd4 18. Qxd4 Qg5 19. Bf3 a6
20. Qe5 Qxe5 21. Rxe5 Rd6 22. Re2 Rfd8 23. Red2 b5 24. Rd4 Kf8 25. a4 Ke7
26. Kf1 R8d7 27. Rc1 Rb7 28. axb5 Rxb5 29. b4 Rc6 1-0

[Event "IV Rapidplay"]
[Site "Mirabal ESP"]
[Date "2001.05.06"]
[Round "6"]
[White "Vehi Bach,V"]
[Black "Lalic,B"]
[Result "1/2-1/2"]
[WhiteElo "2446"]
[BlackElo "2501"]
[EventDate "2001.05.05"]

1. e4 e5 2. Nf3 Nc6 3. Nc3 Nf6 4. Bb5 Nd4 5. O-O Nxb5 6. Nxb5 c6 7. Nc3 d6
8. d4 Qc7 9. h3 b5 10. a3 a6 11. Re1 Be7 12. Bg5 O-O 13. Qd3 Bb7 14. dxe5
dxe5 15. Nh4 g6 16. Rad1 Rfd8 17. Qf3 Nh5 18. Bxe7 Qxe7 19. Nf5 Qf6 20.
Nh6+ Kg7 21. Qxf6+ Nxf6 22. Ng4 Nxg4 23. hxg4 Rd4 24. Ne2 Rdd8 25. f3
1/2-1/2

[Event "IV Rapidplay"]
[Site "Mirabal ESP"]
[Date "2001.05.06"]
[Round "6"]
[White "Zlotnik,B"]
[Black "Taboas Rodriguez,D"]
[Result "1-0"]
[WhiteElo "2410"]
[BlackElo "2239"]
[EventDate "2001.05.05"]

1. d4 e6 2. c4 d5 3. Nc3 Be7 4. Nf3 Nf6 5. Bg5 O-O 6. e3 h6 7. Bxf6 Bxf6 8.
cxd5 exd5 9. b4 Be7 10. Rb1 a6 11. Bd3 c6 12. O-O Bd6 13. Qc2 Qe7 14. Qb3
Bg4 15. Nd2 Qh4 16. g3 Qg5 17. Qc2 Qe7 18. a3 a5 19. bxa5 Bxa3 20. Nb3 Na6
21. Ra1 Bd6 22. Bh7+ Kh8 23. Bf5 Qg5 24. Bxg4 Qxg4 25. Qe2 Qg6 26. Rab1 Ra7
27. Na4 Rfa8 28. Nb6 Re8 29. Rb2 h5 30. Nd2 Nc7 31. Ra1 1-0

[Event "IV Rapidplay"]
[Site "Mirabal ESP"]
[Date "2001.05.06"]
[Round "7"]
[White "Vehi Bach,V"]
[Black "Korneev,O"]
[Result "0-1"]
[WhiteElo "2446"]
[BlackElo "2572"]
[EventDate "2001.05.05"]

1. e4 e5 2. Nf3 Nc6 3. Nc3 Nf6 4. Bb5 Bc5 5. O-O O-O 6. Nxe5 Nxe5 7. d4 Bd6
8. f4 Neg4 9. e5 Bb4 10. exf6 Nxf6 11. Qf3 d5 12. f5 c6 13. Bd3 Re8 14. Bg5
Be7 15. Rae1 Bd7 16. Ne2 Qb6 17. b3 c5 18. Bxf6 Bxf6 19. Qxd5 Bc6 20. dxc5
Qa5 21. Qc4 Qd2 22. Qf4 Bg5 23. Qxd2 Bxd2 24. Rd1 Be3+ 25. Kh1 Bxc5 26. Ng3
Re5 27. Rfe1 Rae8 28. Re2 Rxe2 29. Bxe2 g6 30. fxg6 hxg6 31. Bf3 Kg7 32. c4
f5 33. Bd5 Kf6 34. h3 a5 35. Kh2 0-1

[Event "IV Rapidplay"]
[Site "Mirabal ESP"]
[Date "2001.05.06"]
[Round "7"]
[White "Lalic,B"]
[Black "Guerra Bastida,D"]
[Result "1-0"]
[WhiteElo "2501"]
[BlackElo "2356"]
[EventDate "2001.05.05"]

1. d4 d5 2. c4 c6 3. Nf3 Nf6 4. Nc3 dxc4 5. a4 Bf5 6. Nh4 e6 7. Nxf5 exf5
8. Bg5 Be7 9. e3 O-O 10. Bxc4 Ne4 11. Bxe7 Qxe7 12. O-O Nd7 13. Qc2 Ndf6
14. Rfe1 Rac8 15. Rac1 g6 16. f3 Nd6 17. Ba2 c5 18. Qd2 Rfd8 19. Nd5 Nxd5
20. Bxd5 cxd4 21. Qxd4 Rxc1 22. Rxc1 Nc8 23. Rd1 Re8 24. Kf2 Nb6 25. Bb3
Na8 26. Qxa7 f4 27. Qd4 fxe3+ 28. Ke2 Nc7 29. Qd7 Na6 30. Qxe7 Rxe7 31. Rd3
Nc5 32. Rc3 b6 33. Bc2 Ne6 34. Kxe3 g5 35. Kf2 Nf4 36. g3 Nd5 37. Rc8+ Kg7
38. Be4 Nf6 39. Bc6 Re5 40. b4 Nd5 41. Bxd5 Rxd5 42. Ke3 Rd6 43. b5 Kf6 44.
Rc6 Rxc6 45. bxc6 Ke7 46. Ke4 Kd6 47. Kf5 Kxc6 48. Kf6 Kc5 49. Kxf7 Kb4 50.
f4 gxf4 51. gxf4 Kxa4 52. f5 b5 53. f6 b4 54. Kg7 b3 55. f7 b2 56. f8=Q
b1=Q 57. Qa8+ Kb3 58. Qb7+ Kc2 59. Qxb1+ Kxb1 60. Kxh7 Kc2 61. h4 Kd3 62.
h5 Ke4 63. Kg6 Ke5 64. h6 Ke6 65. h7 1-0

[Event "IV Rapidplay"]
[Site "Mirabal ESP"]
[Date "2001.05.06"]
[Round "8"]
[White "Zlotnik,B"]
[Black "Lalic,B"]
[Result "0-1"]
[WhiteElo "2410"]
[BlackElo "2501"]
[EventDate "2001.05.05"]

1. Nf3 c5 2. c4 Nc6 3. e3 e5 4. Nc3 Nf6 5. g3 d5 6. cxd5 Nxd5 7. Bg2 Nxc3
8. dxc3 Qxd1+ 9. Kxd1 e4 10. Nd2 f5 11. f3 exf3 12. Bxf3 Bd7 13. Kc2 O-O-O
14. b3 Ne5 15. Bd5 Kc7 16. Rf1 Ng4 17. Re1 g6 18. e4 Bh6 19. Nf3 Bxc1 20.
Raxc1 fxe4 21. Bxe4 Nf2 22. Ne5 Nxe4 23. Nxd7 Rhe8 24. Re2 Rxd7 25. Rce1
Rde7 26. a4 Kd7 27. Rf1 Nd6 28. Rxe7+ Kxe7 29. b4 c4 30. Rf4 Rf8 31. Rh4
Rf2+ 32. Kd1 h5 33. a5 b6 34. a6 b5 0-1

[Event "IV Rapidplay"]
[Site "Mirabal ESP"]
[Date "2001.05.06"]
[Round "9"]
[White "Lalic,B"]
[Black "Hernandez,Gi"]
[Result "1/2-1/2"]
[WhiteElo "2501"]
[BlackElo "2567"]
[EventDate "2001.05.05"]

1. d4 Nf6 2. c4 c5 3. d5 g6 4. Nc3 Bg7 5. e4 d6 6. h3 O-O 7. Nf3 e6 8. Bd3
Na6 9. O-O e5 10. Bg5 h6 11. Be3 Nh5 12. Qd2 1/2-1/2